LEADER 01198nam a2200229 i 4500 001 000000215870 003 CaOOAMICUS 005 20210701122609.0 008 160404s1770 it u000 u ita u 013 $a194745 026 $al-el dao- t.s- (d(c (3) 1770 (R) 040 $aSeMil$bita 245 10$aTomo 1. 300 $a40, 270, [2] p. 500 $aSegn.: a8 b12 A-R8 773 0 $aLaboranti, Giuseppe Antonio$tDirettorio sacro per ben ordinare e recitare l'offizio divino secondo i riti stabiliti da S. Chiesa nelle rubriche del Breviario romano, e ne' decreti della S. Congregazione de' riti. Opera postuma composta dal p. Giuseppe Antonio Laboranti da Bassignana, sacerdote de' Min. Oss. di S. Francesco data in luce, in due tomi divisa, da un religioso del medesimo ordine. Tomo 1. [-2.].$dIn Venezia : Per Gaspare Storti, Librajo in Merceria all' Insegna della Fortezza, 1770 (Si vende in Venezia : All'Insegna della Fortezza)$g1$w()12145 850 $aSeMil 852 $aSeMil$W1$xVenegono$y1$m3K III 136 FA$j166290$B166290$CSeMilBibl$Z2$F210205 $8I 941 1 $a10 961 $aRecupero: Mantegazza 996 $6245$aTomo 1$9(OLS)http://semarc/title/46685 LEADER 00803nam a2200217 i 4500 001 000000039083 003 CaOOAMICUS 005 20210223120840.0 008 081024s1961 xx u000 u fre u 013 $a9782 040 $aSeMil$bita 245 13$a2: 1909-1914. 300 $aXXXVI, 1646 p. ;$c18 cm 490 0 $aBibliothèque de la pléiade ;$v122 700 1 $aPéguy, Charles <1873-1914>.$0(OLS)http://semarc/name/9036 773 0 $aPéguy, Charles <1873-1914>$tOeuvres en prose.$d[Paris] : Gallimard, 1959-1961.$w()20180 830 0$aBibliothèque de la Pléiade ;$v122.$0(OLS)http://semarc/title/42418 850 $aSeMil 852 $aSeMil$W1$xVenegono$y1$m1W VI 200$j5238$B5238$CSeMilBibl$Z2$F5238 $81 996 $6245$a2: 1909-1914$9(OLS)http://semarc/title/433533